Energy saving via FDI: An indirect way to reduce energy prices: Evidence from high, middle and low income countries by applying SUR on non-stationary panel data (Record no. 103693)

000 -LEADER
fixed length control field 00541pab a2200169 454500
008 - FIXED-LENGTH DATA ELEMENTS--GENERAL INFORMATION
fixed length control field 180718b2014 xxu||||| |||| 00| 0 eng d
100 ## - MAIN ENTRY--PERSONAL NAME
Personal name Rizvi, Syed Abbas et al
245 ## - TITLE STATEMENT
Title Energy saving via FDI: An indirect way to reduce energy prices: Evidence from high, middle and low income countries by applying SUR on non-stationary panel data
260 ## - PUBLICATION, DISTRIBUTION, ETC.
Date of publication, distribution, etc. 2014
300 ## - PHYSICAL DESCRIPTION
Extent p.1-16.
362 ## - DATES OF PUBLICATION AND/OR SEQUENTIAL DESIGNATION
Dates of publication and/or sequential designation Mar
650 ## - SUBJECT ADDED ENTRY--TOPICAL TERM
Topical term or geographic name entry element Foreign investment
650 ## - SUBJECT ADDED ENTRY--TOPICAL TERM
Topical term or geographic name entry element Energy conservation
773 ## - HOST ITEM ENTRY
Main entry heading Asian Economic Review
908 ## - PUT COMMAND PARAMETER (RLIN)
Put command parameter N
909 ## -
-- 103697
Holdings
Withdrawn status Lost status Damaged status Not for loan Permanent Location Current Location Date acquired Serial Enumeration / chronology Barcode Date last seen Price effective from Koha item type
        Indian Institute of Public Administration Indian Institute of Public Administration 2018-07-19 Volume no: 56, Issue no: 1 AR104157 2018-07-19 2018-07-19 Articles

Powered by Koha